La globalización exige un nuevo contrato social
Uloženo v:
| Hlavní autor: | |
|---|---|
| Médium: | Kniha |
| Jazyk: | španělština |
| Vydáno: |
Santiago
PNUD
2000
|
| Edice: | Temas de Desarrollo Humano Sustentable
|
| Témata: | |
| Tagy: |
Přidat tag
Žádné tagy, Buďte první, kdo vytvoří štítek k tomuto záznamu!
|
MARC
| LEADER | 00000nam a2200000 a 4500 | ||
|---|---|---|---|
| 001 | UCM6481 | ||
| 003 | CL-VaPUC | ||
| 008 | 021108e20000000CL |||||||||||||||||spa|d | ||
| 082 | 0 | 4 | |a 320.11 |b ROS |2 21 |
| 100 | 0 | |a Rosanvallon, Pierre |e author |9 472392 | |
| 245 | 1 | 3 | |a La globalización exige un nuevo contrato social |
| 300 | |a 23 p | ||
| 942 | |c BK | ||
| 945 | |d 20021108 00:00:00 |a cmena | ||
| 260 | |a Santiago |b PNUD |c 2000 | ||
| 650 | 0 | |a Contrato social |9 308917 | |
| 650 | 0 | |a Democracia |9 255256 | |
| 650 | 0 | |a Globalización |9 361930 | |
| 650 | 0 | |a Desarrollo económico y social |9 256320 | |
| 650 | 0 | |a Problemas sociales |9 258537 | |
| 650 | 0 | |a Seguridad social |9 255322 | |
| 650 | 0 | |a Solidaridad |9 259208 | |
| 651 | 7 | |a CHILE |2 CL-VaPUC |9 472393 | |
| 583 | |a last modification |c 20021108 00:00:00 |k Rodrigo Vera | ||
| 490 | 0 | |a Temas de Desarrollo Humano Sustentable | |
| 999 | |c 301877 |d 301875 | ||
| 952 | |0 0 |1 0 |4 0 |6 320_110000000000000_ROS_2000 |7 0 |8 A |9 361617 |a BIBGIM |b BIBGIM |d 2019-11-21 |i 3653757 |o 320.11 ROS 2000 |p 3653757 |r 2025-01-15 |w 2019-11-21 |y BK |k GIM | ||